Calvin: the origins and development of his religious thought

Guardado en:
Detalles Bibliográficos
Autor principal: Wendel, Francois (Autor)
Formato: Libro
Lenguaje:inglés
Publicado: Londres Willliam Collins Sons 1963
Materias:
Etiquetas: Agregar Etiqueta
Sin Etiquetas, Sea el primero en etiquetar este registro!

MARC

LEADER 00000nam a2200000 a 4500
001 UCZ5388
003 CL-VaPUC
008 951117e19630000UK |||||||||||||||||eng|d
082 0 4 |a 270.6  |b WEND  |2 21 
100 0 |a Wendel, Francois  |e author  |9 349340 
245 1 0 |a Calvin: the origins and development of his religious thought 
300 |a 383 p 
942 |c BK 
945 |d 19951117 00:00:00  |a lriquelm 
260 |a Londres  |b Willliam Collins Sons  |c 1963 
650 7 |a REFORMA RELIGIOSA  |2 CL-VaPUC  |9 257490 
650 0 |a Iglesia y Estado  |9 254995 
650 7 |a MOVIMIENTOS RELIGIOSOS  |2 CL-VaPUC  |9 346572 
650 0 |a Administración de la Iglesia  |9 349339 
583 |a last modification  |c 19951117 00:00:00  |k Rodrigo Vera 
999 |c 241706  |d 241704 
952 |0 0  |1 0  |4 0  |6 270_600000000000000_WEND_1963  |7 0  |8 P  |9 254127  |a BIBEDU  |b BIBEDU  |c BIBEDU_PB  |d 2019-11-19  |i 1575244  |o 270.6 WEND 1963  |p 1575244  |r 2024-01-25  |w 2019-11-19  |y BK  |k FIL